00976nam a2200253 i 450000100060000000300090000600500170001500700030003200800410003524501260007625000240020226000300022630000470025649000390030365000320034265000350037470000370040970000400044671000310048683000470051785200210056499900170058595201200060255442ES-MaACL20230906163139.0t|030919s1976 sp ||||1| spa d00aDeriva continental y tectónica de placas / cversión española, Carlos Martín Escorza, Alfonso González Ubanell. a2ª ed. rev. y aum. aMadrid : bBlume, c1976. a271 p., 3 lám. : bil., mapas ; c28 cm.1 aSelecciones de Scientific American 4aDeriva continental.9171955 4aTectónica de placas.91720231 aMartín Escorza, Carlos.9774821 aGonzález Ubanell, Alfonso.9589922 aScientific American.965151 aSelecciones de Scientific American9181289 aES-MaACLjA-5870 c55442d55442 00104070aATENEOMbATENEOMcSPP1d2008-01-17eSCl0oA-5870p1058250r2023-02-23 00:00:00w2023-02-23yMONOGRAFIA